100000 visitas al servicio de la venta / (Record no. 136984)

MARC details
000 -LEADER
campo de control de longitud fija 00619nam a2200181 i 4500
001 - NÚMERO DE CONTROL
campo de control 136984
003 - IDENTIFICADOR DE NÚMERO DE CONTROL
campo de control ES-MaACL
005 - FECHA Y HORA DE LA ÚLTIMA TRANSACCIÓN
campo de control 20230906195259.0
007 - CAMPO FIJO DE DESCRIPCIÓN FÍSICA--INFORMACIÓN GENERAL
campo de control de longitud fija t|
008 - DATOS DE LONGITUD FIJA--INFORMACIÓN GENERAL
campo de control de longitud fija 070214s1962 sp r ||||1| spa d
100 1# - ENTRADA PRINCIPAL--NOMBRE DE PERSONA
Nombre de persona Saint-Mleux, Jean.
9 (RLIN) 101544
245 10 - MENCIÓN DEL TÍTULO
Título 100000 visitas al servicio de la venta /
Mención de responsabilidad, etc. Jean Saint-Mleux ; traducción del francés por Juan G. Basté ; prólogo de Pedro Prat Gaballí.
260 ## - PUBLICACIÓN, DISTRIBUCIÓN, ETC.
Lugar de publicación, distribución, etc. Barcelona :
Nombre del editor, distribuidor, etc. Labor,
Fecha de publicación, distribución, etc. 1962.
300 ## - DESCRIPCIÓN FÍSICA
Extensión XX, 312 p. ;
Dimensiones 24 cm.
700 1# - ENTRADA AGREGADA--NOMBRE PERSONAL
Nombre de persona Basté, Joan (
Fechas asociadas al nombre 1920-1997)
9 (RLIN) 26347
700 1# - ENTRADA AGREGADA--NOMBRE PERSONAL
Nombre de persona Prat Gaballí, Pedro (
Fechas asociadas al nombre 1885-1962)
9 (RLIN) 93676
852 ## - LOCALIZACIÓN
Ubicación ES-MaACL
Número de control de estantería C-21545
Holdings
Estatus retirado Estado de pérdida Estado de daño No para préstamo Biblioteca de origen Biblioteca actual Ubicación en estantería Fecha de adquisición Fuente de adquisición Total de préstamos Signatura topográfica completa Código de barras Visto por última vez Precio de reemplazo Tipo de ítem Koha
        Biblioteca del Ateneo de Madrid Biblioteca del Ateneo de Madrid Galería 17/01/2008     C-21545 1142556 23/02/2023 23/02/2023 Libro impreso